Nomina un paese per ogni continente - Quiz per principianti - Statistics

Statistiche generali
  • Questo quiz è stato fatto 136 volte
  • Il punteggio medio è 6 su 6
Statistiche sulle risposte
Continente Paese % Corretto
Africa
99%
America del Nord
95%
America del Sud
95%
Europa
93%
Asia
92%
Oceania
89%
Nessun quiz corrispondente trovato
Distribuzione punteggi
Percentuale di utenti per punteggio
Percentile per numero di risposta
I tuoi punteggi nel tempo
Non hai fatto questo quiz